000 00378nam a2200145Ia 4500
008 090124s9999 xx 000 0 und d
082 _b134875
245 _a जास्वंद
250 _a1
260 _bराजाध्यक्ष विजया
_c2007
300 _a240
630 _a जास्वंद
730 _a जास्वंद
942 _cBOOK
999 _c195843
_d195843